000 00718nam a2200241Ia 4500
005 20260121112805.0
008 8816 260114s9999 xx 000 0 eng d
020 _a9789812776716
037 _aEBOOK
040 _aCRL
_beng
_cCRL
041 _aeng
_2eng
084 _qCRL
100 _aOno Yoshimasa A & Fujikawa Kazuo
_9963255
245 0 _aFoundations of Quantum Mechanics in the Light of New Technology, Proceedings of the 7Th Intl Symp Isqm-Tokyo '01
260 _bWorld Scientific
260 _bWSPC
260 _c2002
650 _aPhysics
_9963256
856 _uhttps://www.worldscientific.com/worldscibooks/10.1142/5076#t=toc
942 _cEBOOK
999 _c1546116
_d1546116